Our voices psychology of women

Includes bibliographical references and indexes; Neal A. Newfield, Ph.D., LICSW (Giver)

Spremljeno u:
Bibliografski detalji
Glavni autor: Rider, Elizabeth A
Format: Knjiga
Jezik:Undetermined
Izdano: Belmont, CA Wadsworth 2000
Teme:
Online pristup:http://lrc.tdmu.edu.vn/opac/search/detail.asp?aID=2&ID=32241
Oznake: Dodaj oznaku
Bez oznaka, Budi prvi tko označuje ovaj zapis!
Thư viện lưu trữ: Trung tâm Học liệu Trường Đại học Thủ Dầu Một
LEADER 00901nam a2200217Ia 4500
001 TDMU_32241
008 210410s9999 xx 000 0 und d
082 |a 616.8527 
090 |b R302 
100 |a Rider, Elizabeth A 
245 0 |a Our voices 
245 0 |b psychology of women 
245 0 |c Elizabeth A. Rider 
260 |a Belmont, CA 
260 |b Wadsworth 
260 |c 2000 
300 |a xv, 608 p. 
520 |a Includes bibliographical references and indexes; Neal A. Newfield, Ph.D., LICSW (Giver)  |d 2017 
650 |a Feminist psychology; Sex role  |x Psychological aspects; Women  |x Psychology; Women  |x Social conditions  |x Psychological aspects; Tâm lý học nữ quyền; Vai trò quan hệ tình dục  |x Khía cạnh tâm lý học 
856 |u http://lrc.tdmu.edu.vn/opac/search/detail.asp?aID=2&ID=32241 
980 |a Trung tâm Học liệu Trường Đại học Thủ Dầu Một